ბათუმის შოთა რუსთაველის სახელმწიფო უნივერსიტეტის ბიბლიოთეკა

Dravlje : (ბიბ.ჩანაწერი № 60698)

000 -LEADER
fixed length control field 00574nam a22001697a 4500
005 - DATE AND TIME OF LATEST TRANSACTION
control field 20231010111729.0
008 - FIXED-LENGTH DATA ELEMENTS--GENERAL INFORMATION
fixed length control field 231010s1975 pl ||||| |||| 00| 0 pol d
041 ## - LANGUAGE CODE
Language code of text/sound track or separate title pol
080 ## - UNIVERSAL DECIMAL CLASSIFICATION NUMBER
Universal Decimal Classification number 902/904 S-67
100 ## - MAIN ENTRY--PERSONAL NAME
Personal name Slabe, Marijan
9 (RLIN) 20049
245 ## - TITLE STATEMENT
Title Dravlje :
Remainder of title grobišče iz časov preseljevanja ljudstev /
Statement of responsibility, etc. Marijan Slabe.
264 ## - PRODUCTION, PUBLICATION, DISTRIBUTION, MANUFACTURE, AND COPYRIGHT NOTICE
Place of production, publication, distribution, manufacture Ljubljana,
Date of production, publication, distribution, manufacture, or copyright notice 1975.
300 ## - PHYSICAL DESCRIPTION
Extent 157 p.:
Other physical details ill.;
Dimensions 24 cm.
440 ## - SERIES STATEMENT/ADDED ENTRY--TITLE
Title Situla 16
9 (RLIN) 20050
653 ## - INDEX TERM--UNCONTROLLED
keyword დრავლიე, სამარხი ხალხთა მიგრაციის დროიდან
942 ## - ADDED ENTRY ELEMENTS (KOHA)
Source of classification or shelving scheme
Koha item type წიგნი
ეგზემპლარები
Withdrawn status Lost status Source of classification or shelving scheme Damaged status Not for loan Permanent Location Current Location Shelving location Date acquired Cost, normal purchase price Full call number Barcode Date last seen Copy number Uniform Resource Identifier Price effective from Koha item type Public note
          ბათუმის შოთა რუსთაველის სახელმწიფო უნივერსიტეტის მთავარი ბიბლიოთეკა ბათუმის შოთა რუსთაველის სახელმწიფო უნივერსიტეტის მთავარი ბიბლიოთეკა წიგნსაცავი 2023-10-10 5.00 902/904 S-67 65298 2023-10-10 65298 ბსუ-ს საპატიო დოქტორის გურამ ლორთქიფანიძის საჩუქარი 2023-10-10 წიგნი 5 ლ.